তানিয়া / (Record no. 2494)
[ view plain ]
| 000 -LEADER | |
|---|---|
| fixed length control field | 00653nam a2200229 a 4500 |
| 001 - CONTROL NUMBER | |
| JCCL Control Number | 2494 |
| 003 - CONTROL NUMBER IDENTIFIER | |
| JCCL marc code | BD-JhCC |
| 005 - DATE AND TIME OF LATEST TRANSACTION | |
| control field | 20171105102304.0 |
| 008 - FIXED-LENGTH DATA ELEMENTS--GENERAL INFORMATION | |
| fixed length control field | 171102s1372 bg ||||| |||| 00| 0 ben d |
| 035 ## - SYSTEM CONTROL NUMBER | |
| system control number | (BD-JhCC)2494 |
| 040 ## - CATALOGING SOURCE | |
| Original cataloging agency | BD-JhCC |
| Modifying agency | BD-JhCC |
| 041 ## - LANGUAGE CODE | |
| Language code of Book | ben |
| 082 ## - DEWEY DECIMAL CLASSIFICATION NUMBER | |
| Classification number | 891.733 |
| Author mark and Year | LID 1372 |
| 100 ## - MAIN ENTRY--PERSONAL NAME | |
| Personal name | লিডভ, পি. |
| 245 ## - TITLE STATEMENT | |
| Title | তানিয়া / |
| Statement of responsibility, etc | পি. লিডভ; আহমদ ছফা (অনু.) |
| 260 ## - PUBLICATION, DISTRIBUTION, ETC. (IMPRINT) | |
| Place of publication, distribution, etc | ঢাকা : |
| Name of publisher, distributor, etc | মুক্তধারা, |
| Date of publication, distribution, etc | 1372. |
| 300 ## - PHYSICAL DESCRIPTION | |
| Pagination | 45 p. : |
| Dimensions | 21 cm. |
| 650 ## - SUBJECT ADDED ENTRY--TOPICAL TERM | |
| Topical term or geographic name as entry element | Women Fiction |
| General subdivision | Russian |
| 700 ## - ADDED ENTRY--PERSONAL NAME | |
| Personal name | ছফা, আহমদ |
| 942 ## - ADDED ENTRY ELEMENTS (KOHA) | |
| Source of classification or shelving scheme | Dewey Decimal Classification |
| Koha item type | Books |
| Source of classification or shelving scheme | Damaged status | Not for loan | Home library | Current library | Shelving location | Date of accession | Cost, normal purchase price | Total Checkouts | Full call number | Barcode | Date last seen | Copy number | Koha item type |
|---|---|---|---|---|---|---|---|---|---|---|---|---|---|
| Dewey Decimal Classification | JCC Rouf Library | JCC Rouf Library | General Stacks | 10/02/2017 | 3.00 | 891.733 LID 1372 | 3675 | 11/02/2017 | C-1 | Books |